The warlord's beads / (Record no. 486)

MARC details
000 -LEADER
fixed length control field 00999cam a2200277 a 4500
005 - DATE AND TIME OF LATEST TRANSACTION
control field 20230428130400.0
020 ## - INTERNATIONAL STANDARD BOOK NUMBER
International Standard Book Number 1565548639
040 ## - CATALOGING SOURCE
Original cataloging agency DLC
Transcribing agency DLC
Modifying agency DLC
050 00 - LIBRARY OF CONGRESS CALL NUMBER
Classification number PZ7.P6283
Item number Wap 2001
082 00 - DEWEY DECIMAL CLASSIFICATION NUMBER
Classification number [E]
Edition number 21
100 1# - MAIN ENTRY--PERSONAL NAME
Personal name Pilegard, Virginia Walton.
245 14 - TITLE STATEMENT
Title The warlord's beads /
Statement of responsibility, etc. Virginia Walton Pilegard ; illustrated by Nicolas Debon.
260 ## - PUBLICATION, DISTRIBUTION, ETC.
Place of publication, distribution, etc. Gretna, La. :
Name of publisher, distributor, etc. Pelican Publishing,
Date of publication, distribution, etc. 2001.
300 ## - PHYSICAL DESCRIPTION
Extent 17 leaves of plates :
Other physical details color illustrations ;
Dimensions 29 cm.
505 ## - FORMATTED CONTENTS NOTE
Formatted contents note M
520 ## - SUMMARY, ETC.
Summary, etc. A young Chinese boy helps his father count the warlord's vast treasures by using beads threaded on a branch. Includes a brief history of the abacus and instructions for making one.
521 ## - TARGET AUDIENCE NOTE
Target audience note 800 <br/>
Source Lexile
521 ## - TARGET AUDIENCE NOTE
Target audience note M <br/>
Source Raz-Plus
650 #1 - SUBJECT ADDED ENTRY--TOPICAL TERM
Topical term or geographic name entry element Abacus
Form subdivision Fiction.
650 #1 - SUBJECT ADDED ENTRY--TOPICAL TERM
Topical term or geographic name entry element Counting
Form subdivision Fiction.
700 1# - ADDED ENTRY--PERSONAL NAME
Personal name Debon, Nicolas,
Relator term ill.
906 ## - LOCAL DATA ELEMENT F, LDF (RLIN)
a 7
b cbc
c orignew
d 1
e ocip
f 20
g y-gencatlg
942 ## - ADDED ENTRY ELEMENTS (KOHA)
Source of classification or shelving scheme Dewey Decimal Classification
Koha item type Books
Suppress in OPAC No
999 ## -
-- 486
-- 486
Holdings
Withdrawn status Lost status Source of classification or shelving scheme Damaged status Not for loan Collection Home library Current library Shelving location Date acquired Total Checkouts Full call number Barcode Date last seen Price effective from Koha item type
    Dewey Decimal Classification     Fiction Footprints International School Library Network Toul Kork Campus Footprints International School Library Network Toul Kork Campus A TK Campus, 4th Floor, Room B401, Fiction Bookcases (1-6) 04/28/2023   PIL 813.5 PZ7.P6283 FISTK01447 09/01/2023 04/28/2023 Books